| 000 | 00720pam a2200241 a 4500 | ||
|---|---|---|---|
| 001 | 1461310 | ||
| 003 | BD-DhUL | ||
| 005 | 20161218171138.0 | ||
| 008 | 860618s1988 nyua b 001 0 eng | ||
| 010 | _a 86016354 | ||
| 020 | _a0023393602 | ||
| 040 |
_aDLC _cBD-DhUL _dDLC |
||
| 082 | 0 | 0 |
_a658 _219 _bFUN |
| 100 | 1 | _aFulmer, Robert M. | |
| 245 | 1 | 4 |
_aThe new management / _cRobert M. Fulmer. |
| 250 | _a4th ed. | ||
| 260 |
_aNew York : _bMacmillan Pub. Co. , _aLondon : _bCollier Macmillan, _cc1988. |
||
| 300 |
_axxvi, 595 p. : _bill. ; _c24 cm. |
||
| 504 | _aIncludes bibliographical references and indexes. | ||
| 650 | 0 | _aManagement. | |
| 906 |
_a7 _bcbc _corignew _d1 _eocip _f19 _gy-gencatlg |
||
| 942 |
_2ddc _cBK |
||
| 999 |
_c137276 _d137276 |
||